000 00286nam a2200121Ia 4500
008 190216s9999||||xx |||||||||||||| ||und||
100 _aKottayam Pushpanath
245 0 _aDrakula Asiayil
260 _bD C Books Kerala
_c1967
300 _a156
650 _aMalayalam Novel
942 _cBK
999 _c27555
_d27555